Plan de caminos de enlace y de terminación de los construidos parcialmente : año 1958 / Diputación Provincial de Barcelona. Obras Públicas año 1958 / Diputación Provincial de Barcelona. Obras Públicas
Publicado:
[s.l., s.n.] :
1958
Descripción Física:
[35] f. : mecanografiats ; 32 cm
Materias:
Camins -- Barcelona (Província)
MARC
| LEADER | 00000nam a2200000Ia 4500 | ||
|---|---|---|---|
| 001 | 8809 | ||
| 003 | BGR | ||
| 005 | 20260324175219.0 | ||
| 008 | 160829s1958 xx 000 0 cat d | ||
| 080 | |a FU-24-5 | ||
| 110 | 1 | |a Barcelona (Catalunya : Província). |b Diputació |9 52408 | |
| 245 | |a Plan de caminos de enlace y de terminación de los construidos parcialmente : |b año 1958 / Diputación Provincial de Barcelona. Obras Públicas | ||
| 260 | |a [s.l., s.n.], |c 1958 | ||
| 300 | |a [35] f. : |b mecanografiats ; |c 32 cm | ||
| 650 | 0 | |a Camins |x Barcelona (Província) |9 20793 | |
| 901 | |a Arxiu | ||
| 942 | |n 1 |2 udc |c MON | ||
| 952 | |0 0 |1 0 |4 0 |6 FU245 |7 1 |9 41675 |a Arxiu |b Arxiu |d 2016-12-01 |l 0 |o FU-24-5 |p 8809 |r 2016-12-01 00:00:00 |w 2016-12-01 |y ARXIU | ||
| 999 | |c 43565 |d 43565 | ||